000 00585nam a2200193Ia 4500
005 20250508161512.0
008 008 250505s9999 xx 000 0 eng d
037 _aTextual
040 _aFEDL
_beng
_cFEDL
041 _aeng
_2eng
084 _a301.2, MEA
_qFEDL
100 _aMead Margaret
245 0 _aGrowing up in new Guinea: A comparative wtudy of primitive education
260 _aNew York, USA
_bThe American Library of World Literature, Inc
_c1953
300 _avii,223p
650 _aSociology
942 _cTEXL
_h301.2, MEA
999 _c1370365
_d1370365